000 00563nam a22002057a 4500
005 20260515114957.0
008 230928b ||||| |||| 00| 0 eng d
020 _a9789327192834
040 _aIN-DiNC
_cIN-DiNC
041 _deng
082 _a030
_bSSC
245 _aSSC constables (GD) recruitment exam/
_cby Arihant expert team
260 _aMeerut:
_bArihant,
650 _aIntelligence and reasoning
650 _aGeneral knowledge
650 _aGeneral awareness
650 _aElementary mathematics
650 _aGeneral english
942 _2ddc
_cBK
999 _c11648
_d11648